| 000 | 00398nam a22001337a 4500 | ||
|---|---|---|---|
| 008 | 240911b |||||||| |||| 00| 0 eng d | ||
| 040 |
_aNational Science Library _cNational Science Library |
||
| 080 |
_a58 _bK3.1 |
||
| 245 |
_aAdanson: _bThe bicentennial of michel adanson's |
||
| 260 |
_aPittsburgh: _bHunt Botanical Library, _c1963 |
||
| 300 | _axi, 391p. | ||
| 500 | _aPart 1 | ||
| 942 |
_2udc _cBK |
||
| 999 |
_c66958 _d66958 |
||